00516cam a2200157Ia 4500020002200000020002500022040000800047082002600055100001700081245003600098260004100134300002800175520013300203650000900336650001300345 a0590381970 (pbk.) a9780590381970 (pbk.) cCQF a823 SCH 1998 A097 Or.1 aKerr, Judith10aWhen Hitler stole pink rabbit / aNew York :bScholastic,c1998, c1971 a191 p. :bill. ;c20 cm aRecounts the adventures of a nine-year-old Jewish girl and her family in the early 1930's as they travel from Germany to England 0aJews 0aFamilies